LEADER 01234nam a2200265 i 4500 001 000000090357 003 CaOOAMICUS 005 20231116095247.0 008 160203s1749 it u000 u ita u 026 $aolio toui o-or caiv (3) 1749 (R) 040 $aSeMil$bita 100 1 $aPaitoni, Giacomo Maria,$d<1710-1774>.$0(OLS)http://semarc/name/40621 245 10$aMemorie istoriche per la vita del padre d. Stanislao Santinelli chierico regolare somasco. 260 $aIn Venezia :$b[s.n.],$c1749$e(In Venezia :$fPer Giovanni Radici,$g1749) 300 $a210 p., [1] carta di tav. :$britr. ;$c8°. 500 $aFregio xilogr. sul front. - Iniz. calcogr. 500 $aSegn.: a8 A-M8 N10 500 $aNome dell'A. in calce alla dedica 650 4$aSomaschi - Biografie.$0(OLS)http://semarc/subject/16546 700 1 $aRadici, Giovanni,$c.$0(OLS)http://semarc/name/3109 850 $aSeMil 852 $aSeMil$W1$xVenegono$y1$m3J IV 68 FA$j53325$B53325$CSeMilBibl$Z2$F57958 $8I 996 $6245$aMemorie istoriche per la vita del padre d. Stanislao Santinelli chierico regolare somasco$9(OLS)http://semarc/title/136305 996 $6260$aIn Venezia :$b[s.n.]$9(OLS)http://semarc/publisher/33209 LEADER 01529nam a2200301 i 4500 001 000000229428 003 CaOOAMICUS 005 20140509000000.0 008 140509s1968 it u000 u eng u 013 $a208330 020 $a0-7220-0527-X 040 $aSeMil$bita 100 1 $aFreyne, Sean.$0(OLS)http://semarc/name/79225 245 14$aThe Twelve :$bdisciples and Apostles. A study in the theology of the first three gospels /$cSean Freyne. 260 $aLondon :$bSheed & Ward,$ccopyr. 1968. 300 $ax, 278 p. ;$c22 cm. 490 0 $aSheed & Ward stagbooks 650 4$aBibbia - NT - Vangeli sinottici.$0(OLS)http://semarc/subject/4737 650 4$aBibbia - NT - Vangeli - Teologia.$0(OLS)http://semarc/subject/26600 650 4$aBibbia. Nuovo Testamento. Vangelo secondo Marco - Discepoli.$0(OLS)http://semarc/subject/30773 650 4$aBibbia. Nuovo Testamento. Vangelo secondo Matteo - Discepoli.$0(OLS)http://semarc/subject/32256 650 4$aBibbia. Nuovo Testamento. Vangelo secondo Luca - Discepoli.$0(OLS)http://semarc/subject/41328 830 0$aSheed & Ward stagbooks.$0(OLS)http://semarc/title/29041 850 $aSeMil 852 $aSeMil$W1$xVenegono$y1$m2Z I 128$j179774$B179774$CSeMilBibl$Z2$F190885 $81 996 $6020$a0-7220-0527-X$9(OLS)http://semarc/number/231834 996 $6245$aThe Twelve :$bdisciples and Apostles. A study in the theology of the first three gospels$9(OLS)http://semarc/title/328157 996 $6260$aLondon :$bSheed & Ward$9(OLS)http://semarc/publisher/44744